Music Quiz

Random Music or Artist Quiz
Score 0/30 Timer 15:00
0 Plays Today
Artist Song Title % Correct
Van MorrisonBrown Eyed Girl
93.3%
ColdplayYellow
86.7%
PrincePurple Rain
80%
Jimi HendrixPurple Haze
73.3%
The Doobie BrothersBlack Water
66.7%
The BeatlesYellow Submarine
66.7%
AmericaSister Golden Hair
66.7%
R.E.M.Orange Crush
66.7%
AC/DCBack in Black
66.7%
John MellencampPink Houses
66.7%
The Moody BluesNights in White Satin
60%
DidoWhite Flag
60%
The Rolling StonesBrown Sugar
53.3%
Jason AldeanBig Green Tractor
46.7%
311Amber
40%
Artist Song Title % Correct
Toby KeithRed Solo Cup
40%
Fleetwood MacSilver Springs
40%
Kelly ClarksonBehind These Hazel Eyes
40%
Brooks & DunnRed Dirt Road
33.3%
Josh TurnerLong Black Train
33.3%
ColdplayViolet Hill
33.3%
Jason MrazGeek in the Pink
33.3%
The Black KeysGold on the Ceiling
20%
Jack's MannequinDark Blue
20%
U2Scarlet
20%
ColdplayGreen Eyes
20%
Willie NelsonBlue Eyes Crying in the Rain
13.3%
John DenverRusty Green
13.3%
Neil YoungGrey Riders
13.3%
Earth, Wind and FireEvolution Orange
13.3%
Remove Ads.
Support Sporcle.
Get the best of Sporcle when you Go Orange. This ad-free experience offers more features, more stats, and more fun while also helping to support Sporcle. Thank you for becoming a member.

You're not logged in!

Compare scores with friends on all Sporcle quizzes.
OR
Log In

Show Comments

Extras

Top Quizzes Today


Score Distribution

Your Account Isn't Verified!

In order to create a playlist on Sporcle, you need to verify the email address you used during registration. Go to your Sporcle Settings to finish the process.

Report this User

Report this user for behavior that violates our Community Guidelines.

Details: